Memoria que presenta al Excmo. Sr. Director General la Comisión del Cuerpo de Telégrafos, encargada de adquirir material en el extranjero. (Record no. 190273)

MARC details
000 -LEADER
campo de control de longitud fija 00471nam a2200133 i 4500
001 - NÚMERO DE CONTROL
campo de control 190273
003 - IDENTIFICADOR DE NÚMERO DE CONTROL
campo de control ES-MaACL
005 - FECHA Y HORA DE LA ÚLTIMA TRANSACCIÓN
campo de control 20230906223702.0
008 - DATOS DE LONGITUD FIJA--INFORMACIÓN GENERAL
campo de control de longitud fija 201007s1877 sp |||| | spa d
245 00 - MENCIÓN DEL TÍTULO
Título Memoria que presenta al Excmo. Sr. Director General la Comisión del Cuerpo de Telégrafos, encargada de adquirir material en el extranjero.
260 ## - PUBLICACIÓN, DISTRIBUCIÓN, ETC.
Lugar de publicación, distribución, etc. Madrid :
Nombre del editor, distribuidor, etc. [s.n.],
Fecha de publicación, distribución, etc. 1877 (
Fabricante Tip. Manuel Minuesa)
300 ## - DESCRIPCIÓN FÍSICA
Extensión 26 p. ;
Dimensiones 22 cm.
852 ## - LOCALIZACIÓN
Ubicación ES-MaACL
Número de control de estantería T-271-F-7
Holdings
Estatus retirado Estado de pérdida Estado de daño No para préstamo Colección Biblioteca de origen Biblioteca actual Ubicación en estantería Fecha de adquisición Fuente de adquisición Total de préstamos Signatura topográfica completa Código de barras Visto por última vez Precio de reemplazo Tipo de ítem Koha
        Colección de folletos Biblioteca del Ateneo de Madrid Biblioteca del Ateneo de Madrid Depósito folletos 11/06/2005     T-271-F-7 1202136 23/02/2023 23/02/2023 Folleto